[Event "CAN-ch"]
[Site "Toronto"]
[Date "1996.??.??"]
[Round "10"]
[White "Teodoro, Eduardo"]
[Black "Nickoloff, Bryon"]
[Result "0-1"]
[WhiteElo "2290"]
[BlackElo "2410"]
[PlyCount "79"]
[EventDate "1996.??.??"]
[EventType "tourn"]
[EventRounds "15"]
[EventCountry "CAN"]
[EventCategory "4"]
[SourceTitle "EXT 1998"]
[Source "ChessBase"]
[SourceDate "1997.11.17"]
[SourceVersion "1"]
[SourceVersionDate "1997.11.17"]
[SourceQuality "1"]

1. e4 c5 2. Nf3 d6 3. d4 cxd4 4. Nxd4 Nf6 5. Nc3 a6 6. Bg5 e6 7. f4 b5 8. e5 dxe5 9. fxe5 Qc7 10. Qe2 Nfd7 11. 0-0-0 Bb7 12. Qg4 Qxe5 13. Bd3 Nf6 14. Qh4 Nbd7 15. Rhe1 Qc7 16. Nxe6 fxe6 17. Rxe6+ Kf7 18. Bf5 Qc5 19. g4 Re8 20. Rde1 Be7 21. Be3 Qc4 22. Qf2 g6 23. Rxe7+ Rxe7 24. Bxd7 Rxd7 25. g5 Rf8 26. gxf6 Re8 27. Rf1 b4 28. Nd1 Rd5 29. Bd2 Rf5 30. Qb6 Rxf1 31. Qxb7+ Kxf6 32. Qb6+ Re6 33. Qd8+ Kf7 34. Qd7+ Re7 35. Qh3 Qe2 36. Qxh7+ Ke8 37. Qxg6+ Kd7 38. Qf5+ Rxf5 39. b3 Rf1 40. Kb2 0-1

[Event "Toronto"]
[Site "Toronto"]
[Date "1996.??.??"]
[Round "6"]
[White "Teodoro, Eduardo"]
[Black "Nickoloff, Bryon"]
[Result "1-0"]
[WhiteElo "2265"]
[BlackElo "2410"]
[PlyCount "79"]
[EventDate "1996.02.09"]
[EventType "tourn"]
[EventRounds "11"]
[EventCountry "CAN"]
[SourceTitle "EXT 1998"]
[Source "ChessBase"]
[SourceDate "1997.11.17"]
[SourceVersion "1"]
[SourceVersionDate "1997.11.17"]
[SourceQuality "1"]

1. e4 c5 2. Nf3 d6 3. d4 cxd4 4. Nxd4 Nf6 5. Nc3 a6 6. Be2 e5 7. Nf3 Be7 8. 0-0 0-0 9. Bg5 Nbd7 10. Qd2 b5 11. a4 Bb7 12. axb5 axb5 13. Bxb5 Nxe4 14. Nxe4 Bxe4 15. Rxa8 Bxa8 16. Bxe7 Qxe7 17. Rd1 Bxf3 18. gxf3 Nc5 19. Qxd6 Qg5+ 20. Kh1 Qf5 21. Be2 Qxc2 22. Qxe5 Ne6 23. b4 g6 24. Qe4 Qb2 25. Rb1 Qc3 26. Qe3 Qc2 27. Bd3 Qa2 28. b5 Qd5 29. b6 Rb8 30. Be4 Qd6 31. b7 Nc5 32. Rb5 Ne6 33. Rd5 Qc7 34. Rd1 Nd8 35. Rc1 Qd6 36. Rc8 Kg7 37. Qc3+ Kh6 38. Rxb8 Nc6 39. Qc1+ g5 40. Rc8 1-0

[Event "North Bay op"]
[Site "North Bay"]
[Date "1996.??.??"]
[Round "?"]
[White "Teodoro, Eduardo"]
[Black "Polgar, Sofia"]
[Result "0-1"]
[WhiteElo "2290"]
[BlackElo "2480"]
[PlyCount "77"]
[EventDate "1996.08.??"]
[EventType "swiss"]
[EventRounds "9"]
[EventCountry "CAN"]
[SourceTitle "EXT 1998"]
[Source "ChessBase"]
[SourceDate "1997.11.17"]
[SourceVersion "1"]
[SourceVersionDate "1997.11.17"]
[SourceQuality "1"]

1. e4 c5 2. Nf3 e6 3. d4 cxd4 4. Nxd4 Nc6 5. Nc3 a6 6. Be3 Qc7 7. Bd3 Nf6 8. 0-0 Ne5 9. Nf3 d6 10. Nxe5 dxe5 11. Na4 Nd7 12. c4 Be7 13. c5 0-0 14. Rc1 Rb8 15. b4 Qd8 16. Qd2 f5 17. f3 Nf6 18. Rfd1 Bd7 19. Nb6 fxe4 20. Bxe4 Bc6 21. Bxc6 bxc6 22. Qxd8 Rfxd8 23. Bg5 Rd4 24. Rxd4 exd4 25. Rd1 a5 26. Bxf6 gxf6 27. a3 axb4 28. axb4 e5 29. Rb1 Kf7 30. Kf2 Ke6 31. Ke2 f5 32. Kd3 Bd8 33. Nc4 Bc7 34. f4 e4+ 35. Kxd4 Bxf4 36. Na5 Kd7 37. g4 fxg4 38. Kxe4 Bxh2 39. Kf5 0-1

[Event "CAN-ch"]
[Site "Toronto"]
[Date "1996.??.??"]
[Round "4"]
[White "Teodoro, Eduardo"]
[Black "Schleifer, Michael"]
[Result "1-0"]
[WhiteElo "2290"]
[BlackElo "2270"]
[PlyCount "79"]
[EventDate "1996.??.??"]
[EventType "tourn"]
[EventRounds "15"]
[EventCountry "CAN"]
[EventCategory "4"]
[SourceTitle "EXT 1998"]
[Source "ChessBase"]
[SourceDate "1997.11.17"]
[SourceVersion "1"]
[SourceVersionDate "1997.11.17"]
[SourceQuality "1"]

1. e4 e6 2. d4 d5 3. exd5 exd5 4. c4 Nf6 5. Nc3 Be7 6. Bd3 dxc4 7. Bxc4 0-0 8. Nge2 Bf5 9. 0-0 Nc6 10. Be3 Ne4 11. Nxe4 Bxe4 12. Nc3 Bf5 13. d5 Ne5 14. Be2 Qd7 15. h3 Qc8 16. f4 Ng6 17. g4 Bd7 18. f5 Ne5 19. Bd4 f6 20. Bxe5 fxe5 21. Ne4 Qd8 22. Qd2 h6 23. Rf3 c6 24. d6 Bh4 25. Raf1 Bg5 26. Qc3 Bf4 27. Bc4+ Kh7 28. Be6 b6 29. Qc4 Qe8 30. Rc3 c5 31. Bxd7 Qxd7 32. Qe6 Rf7 33. h4 Re8 34. Qxd7 Rxd7 35. Rd1 Rf8 36. Kg2 h5 37. b4 cxb4 38. Rc7 Rff7 39. g5 Rxc7 40. g6+ 1-0

[Event "CAN-ch"]
[Site "Toronto"]
[Date "1996.??.??"]
[Round "8"]
[White "Teodoro, Eduardo"]
[Black "Spraggett, Kevin"]
[Result "0-1"]
[WhiteElo "2290"]
[BlackElo "2530"]
[PlyCount "111"]
[EventDate "1996.??.??"]
[EventType "tourn"]
[EventRounds "15"]
[EventCountry "CAN"]
[EventCategory "4"]
[SourceTitle "EXT 1998"]
[Source "ChessBase"]
[SourceDate "1997.11.17"]
[SourceVersion "1"]
[SourceVersionDate "1997.11.17"]
[SourceQuality "1"]

1. e4 c6 2. d4 d5 3. e5 c5 4. c3 Nc6 5. dxc5 Nxe5 6. Nf3 Nc6 7. b4 Nf6 8. Bf4 e6 9. Bd3 Be7 10. 0-0 0-0 11. h3 a5 12. Nd4 Nxd4 13. cxd4 axb4 14. Bd2 b6 15. Bxb4 bxc5 16. dxc5 e5 17. Nd2 Qc7 18. Nb3 Bd7 19. Re1 Rfe8 20. Qd2 Bd8 21. a3 Bc6 22. Re2 h6 23. Rae1 Ne4 24. Bxe4 dxe4 25. Qc3 f5 26. Rd2 Qf7 27. Rd6 Bd5 28. Na5 Bc7 29. Rd1 Bxd6 30. cxd6 Rad8 31. Qc5 Ba8 32. Bc3 Rc8 33. Qb4 Kh7 34. Kh2 Rb8 35. Qc5 Qd7 36. Nc4 Rec8 37. Nxe5 Qb7 38. Qd4 e3 39. Nf3 Qd7 40. fxe3 Bxf3 41. gxf3 Rb3 42. Bb4 Rc2+ 43. Rd2 Rc1 44. Qe5 Rbb1 45. Qe7 Qc6 46. Kg3 Rg1+ 47. Kf4 Rgf1 48. e4 Rxb4 49. axb4 Qc3 50. Kxf5 Qxd2 51. d7 Rxf3+ 52. Ke6 Qa2+ 53. Kd6 Qa6+ 54. Kc7 Qa7+ 55. Kc6 Rc3+ 56. Kd5 0-1